000 01301nam a2200325 c 4500
999 _c114114
_d114114
003 BLK
005 20220513151529.0
008 180409b bul|||||r ||||||| ||bul||
010 _aKNG00119544000
040 _aBLK
041 _aBUL
_cBUL
080 _aДинамика и развитие на икономиката
_b330.3
_z330.3
100 1 _aДълбоков, Сава Атанасов
_eпърви автор
_9313168
139 _aДълбоков, Сава Атанасов
_bД 95
245 1 0 _aИкономическото сътрудничество и финансово-кредитните отношения между социалистическите страни
_cСава Атанасов Дълбоков.
257 _aBGR
260 _aСофия
_bБКП
_c1965
300 _a220 с.
_c25 см
380 _a3
500 _a1 600 тир.
650 4 _aИкономическо сътрудничество - социалистически страни
_9313169
653 _aикономика
653 _aсътрудничество
653 _aсоциалистически страни
852 _aЦб 33183
856 4 _qpdf
856 4 _qpdf
942 _cKNG
_n0
_s1
944 _aCR
_c19.10.2016
_kЕлица_Владова
944 _aED
_c19.10.2016
_kЕлица_Владова
999 _d114114